Catálogo
 En Linea

La sociedad post capitalista /Peter Ferdinand Druker ; Traducción Jorge Cárdenas Nannetti. (Registro nro. 36571)

Detalles MARC
000 -CABECERA
campo de control de longitud fija 00569nam a2200181 a 4500
001 - NÚMERO DE CONTROL
campo de control 000037081
005 - FECHA Y HORA DE LA ÚLTIMA TRANSACCIÓN
campo de control 20200930080128.0
008 - DATOS DE LONGITUD FIJA--INFORMACIÓN GENERAL
campo de control de longitud fija 120210s2004 sp 000 0 spa d
020 ## - NÚMERO INTERNACIONAL ESTÁNDAR DEL LIBRO
Número Internacional Estándar del Libro 9580477671
040 ## - FUENTE DE LA CATALOGACIÓN
Centro catalogador/agencia de origen DO-SdBNP
Lengua de catalogación spa
Centro/agencia transcriptor BNPHU
100 1# - ENTRADA PRINCIPAL--NOMBRE DE PERSONA
Nombre de persona Druker, Peter Ferdinand
9 (RLIN) 42921
245 13 - MENCIÓN DE TÍTULO
Título La sociedad post capitalista /Peter Ferdinand Druker ; Traducción Jorge Cárdenas Nannetti.
260 ## - PUBLICACIÓN, DISTRIBUCIÓN, ETC.
Lugar de publicación, distribución, etc. Barcelona :
Nombre del editor, distribuidor, etc. Norma ,
Fecha de publicación, distribución, etc. 2004.
300 ## - DESCRIPCIÓN FÍSICA
Extensión 298 p. : ;
Dimensiones 18 cm.
490 1# - MENCIÓN DE SERIE
Mención de serie Gerencia
700 1# - PUNTO DE ACCESO ADICIONAL--NOMBRE DE PERSONA
Nombre de persona Cárdenas Nannetti, Jorge
Término indicativo de función/relación tr.
9 (RLIN) 42922
830 #0 - PUNTO DE ACCESO ADICIONAL DE SERIE-TÍTULO UNIFORME
Título uniforme Gerencia
9 (RLIN) 63496
Existencias
Estado de retiro Estado de pérdida Restricciones de uso No para préstamo Código de colección Localización permanente Ubicación/localización actual Ubicación en estantería Fecha de adquisición Número de inventario Total de préstamos Signatura topográfica completa Código de barras Fecha visto por última vez Precio válido a partir de Tipo de ítem Koha
      Excluido de préstamo Monografías: Libros y Folletos General General Depósito 10.02.2012 LF1   37081-10 25.06.2020 25.06.2020 No se presta
        Monografías: Libros y Folletos General General Orden iniciada 10.02.2012 LF1   37082-10 25.06.2020 25.06.2020 No se presta

Con tecnología Koha